000 00639nam a2200277Ia 4500
005 20260324111552.0
008 008 260324s9999 xx 000 0 eng d
020 _a9781003534617
037 _aEBOOK
040 _aCRL
040 _beng
040 _cCRL
041 _2eng
041 _aeng
084 _qCRL
100 _aA.C. Faul
_9998895
245 2 _aA Concise Introduction to Machine Learning
260 _bTaylor and Francis
260 _c2025
365 _a
365 _b275
856 _uhttp://www.taylorfrancis.com/books/9781003534617
942 _cEBOOK
999 _c1727977
_d1727977